Establishing Democracies (Record no. 243)
[ view plain ]
| 000 -LEADER | |
|---|---|
| fixed length control field | 00457nam a2200169Ia 4500 |
| 008 - FIXED-LENGTH DATA ELEMENTS--GENERAL INFORMATION | |
| fixed length control field | 240428s9999||||xx |||||||||||||| ||und|| |
| 020 ## - INTERNATIONAL STANDARD BOOK NUMBER | |
| International Standard Book Number | 0813325528 |
| 041 ## - LANGUAGE CODE | |
| Language code of text/sound track or separate title | eng |
| 082 ## - DEWEY DECIMAL CLASSIFICATION NUMBER | |
| Classification number | 321.8E |
| 100 ## - MAIN ENTRY--PERSONAL NAME | |
| Personal name | Fischer, Mary Ellen (ed.) |
| 245 #0 - TITLE STATEMENT | |
| Title | Establishing Democracies |
| 260 ## - PUBLICATION, DISTRIBUTION, ETC. | |
| Name of publisher, distributor, etc. | Westview Press |
| Place of publication, distribution, etc. | Colorado: |
| Date of publication, distribution, etc. | 1996 |
| 300 ## - PHYSICAL DESCRIPTION | |
| Extent | vii, 312p: tabs; |
| 650 ## - SUBJECT ADDED ENTRY--TOPICAL TERM | |
| Topical term or geographic name entry element | Establishing Democracies - Democratic Systems - Democratization |
| 942 ## - ADDED ENTRY ELEMENTS (KOHA) | |
| Koha item type | Books |
| Withdrawn status | Lost status | Damaged status | Not for loan | Home library | Current library | Shelving location | Date acquired | Total checkouts | Full call number | Date last seen | Copy number | Price effective from | Koha item type |
|---|---|---|---|---|---|---|---|---|---|---|---|---|---|
| Main Library | Main Library | Open Shelves | 16/08/2021 | 321.8E 839 C1 | 29/04/2024 | 1 | 29/04/2024 | Books |